Algebra/ (Record no. 206769)

MARC details
000 -LEADER
fixed length control field 00613nam a22001937a 4500
005 - DATE AND TIME OF LATEST TRANSACTION
control field 20241025152509.0
010 ## - LCCN (DPL NO)
LC control number ENG-142449
020 ## - INTERNATIONAL STANDARD BOOK NUMBER
International Standard Book Number 9789353432751
Terms of availability 650.00
035 ## - SYSTEM CONTROL NUMBER
System control number EN-125981
037 ## - SOURCE OF ACQUISITION
Source of stock number/acquisition DBAD
082 ## - DEWEY DECIMAL CLASSIFICATION NUMBER
Edition number 2 Updated
Classification number 512
100 ## - MAIN ENTRY--PERSONAL NAME
Personal name Artin, Michael
245 ## - TITLE STATEMENT
Title Algebra/
Statement of responsibility, etc By Michael Artin
250 ## - EDITION STATEMENT
Edition statement 2 (Updated)
260 ## - PUBLICATION, DISTRIBUTION, ETC. (IMPRINT)
Place of publication, distribution, etc Noida
Name of publisher, distributor, etc Pearson India Education
Date of publication, distribution, etc 2024
270 ## - ADDRESS
Address 15th floor, Tower- B, World Trade Tower, plot No.1, Block -C, Sector-16, Noida,
City Uttar Pradesh
Postal code 201301
300 ## - PHYSICAL DESCRIPTION
Extent 541p.
Dimensions 23cm(pb)
942 ## - ADDED ENTRY ELEMENTS (KOHA)
Source of classification or shelving scheme Dewey Decimal Classification
Item type English Books
Classification part 512
Call number suffix ART
Edition 2 (Updated)
Holdings
Withdrawn status Lost status Not for loan Collection code Home library Current library Date acquired Source of acquisition Cost, normal purchase price Full call number Barcode Copy number Cost, replacement price Koha item type
      Non-fiction Bawana Bawana 25/10/2024 Delivery of Books Act Division 650.00 512 ART EN-125981 1 650.00 English Books

© Delhi Public Library
Hit Counter
free hit counter